Swedish Monarchs - Statistics

General Stats
  • This quiz has been taken 93 times
  • The average score is 9 of 22
Answer Stats
Hint Answer % Correct
1523 - 1529 Gustav Vasa
94%
1661- 1697 Karl XI
57%
1560 - 1567 Erik XIV
55%
1698 - 1719 Karl XII
54%
1810 - 1818 Karl XIII
54%
1632 Kristina
52%
1612- 1631 Gustav II Adolf
51%
1859 - 1871 Karl XV
51%
1752- 1771 Gustav III
49%
1604 - 1611 Karl IX
48%
1845 - 1858 Oskar I
46%
1872 - 1907 Oskar II
46%
1592 - 1603 Sigismund
42%
1568- 1591 Johan III
40%
1908 - 1950 Gustaf V
29%
1654-1660 Karl X Gustav
29%
1792 - 1809 Gustav IV Adolf
28%
1973 - Present day Carl XVI Gustaf
25%
1818 - 1844 Karl XIV Johan
22%
1950 - 1973 Gustaf VI Adolf
15%
1720 - 1751 Adolf Fredrik I
5%
1720 Ulrika Eleonora the Younger
2%
No matching quizzes found
Score Distribution
Percent of People with Each Score
Percentile by Number Answered
Your Score History
You have not taken this quiz